Films par Image - Statistiques

Statistiques générales
  • Ce quiz a été pris 265 fois
  • Le résultat moyen est 11 sur 16
Statistiques - réponses
Par images Réponse % Correct
E.T., L'Extra-Terrestre
96%
Retour Vers Le Futur
96%
Forrest Gump
94%
La Ligne Verte
90%
OSS 117
86%
Pulp Fiction
83%
Star Wars
78%
Avatar
73%
Shutter Island
69%
The Truman Show
68%
Arrête Moi Si Tu Peux
62%
Les Évadés
61%
Django : Unchained
60%
Fight Club
60%
Inception
54%
La Voie de la Justice
10%
Aucun quiz correspondant
Distribution des résultats
% des personnes avec chaque résultat
Percentile par nombre de réponses
Votre historique - résultats
Vous n’avez pas pris ce quiz